Nommez ces joueurs de hockey - Statistiques

Statistiques générales
  • Ce quiz a été pris 435 fois
  • Le résultat moyen est 5 sur 12
Statistiques - réponses
Par images Réponse % Correct
Sidney Crosby
94%
Wayne Gretzky
70%
Maurice Richard
56%
Mike Bossy
52%
Mark Messier
47%
Gordie Howe
45%
Bobby Orr
42%
Tim Horton
33%
Jari Kurri
23%
Aleksandr Ovetchkine
9%
Dhyan Chand
1%
Jamie Dwyer
0%
Aucun quiz correspondant
Distribution des résultats
% des personnes avec chaque résultat
Percentile par nombre de réponses
Votre historique - résultats
Vous n’avez pas pris ce quiz